| 000 -LEADER |
| fixed length control field |
01619nam a2200253Ia 4500 |
| 001 - CONTROL NUMBER |
| control field |
18571 |
| 003 - CONTROL NUMBER IDENTIFIER |
| control field |
GE_BSU |
| 008 - FIXED-LENGTH DATA ELEMENTS--GENERAL INFORMATION |
| fixed length control field |
181216s||||||||xx |||||||||||||| ||und|| |
| 020 ## - INTERNATIONAL STANDARD BOOK NUMBER |
| International Standard Book Number |
9789941089695 |
| 040 ## - CATALOGING SOURCE |
| Transcribing agency |
GE_BSU |
| 080 ## - UNIVERSAL DECIMAL CLASSIFICATION NUMBER |
| Universal Decimal Classification number |
94(=353.1)(560)+94(479.223) |
| 100 ## - MAIN ENTRY--PERSONAL NAME |
| Personal name |
წიგნის ავტორები:მამია ფაღავა,მერი ცინცაძე,მაია ბარამიძე,მალხაზ ჩოხარაძე და სხვ. |
| 245 ## - TITLE STATEMENT |
| Title |
კლარჯეთი:KLARJETI |
| 245 ## - TITLE STATEMENT |
| Statement of responsibility, etc. |
რედ:მამია ფაღავა,რუკები მალხაზ ჩოხარაძისა,რეზიუმეს მთარგ.თამარ სირაძე |
| 250 ## - EDITION STATEMENT |
| Edition statement |
ბსუ;ჰუმანიტარულ მეცნიერებათა ფაკულტეტი ქართველოლოგიის ცენტრი. |
| 260 ## - PUBLICATION, DISTRIBUTION, ETC. |
| Place of publication, distribution, etc. |
ბათუმი. |
| 260 ## - PUBLICATION, DISTRIBUTION, ETC. |
| Name of publisher, distributor, etc. |
სამშობლო |
| 260 ## - PUBLICATION, DISTRIBUTION, ETC. |
| Date of publication, distribution, etc. |
2016 |
| 300 ## - PHYSICAL DESCRIPTION |
| Extent |
1089გვ;30სმ. |
| 300 ## - PHYSICAL DESCRIPTION |
| Other physical details |
რუკები,ილ. |
| 653 ## - INDEX TERM--UNCONTROLLED |
| Uncontrolled term |
კლარჯეთი:KLARJETI |
| 653 ## - INDEX TERM--UNCONTROLLED |
| Uncontrolled term |
მონოგრაფიაში განხილულია ისტორიულ კლარჯეთისა და თურქეთის რესპუბლიკის რეგიონში გაშენებულ მუჰაჯირთა სოფლებში კომპლექსური საველე ექსპედიციებით შეკრებილ მასალაზე. |
| 942 ## - ADDED ENTRY ELEMENTS (KOHA) |
| Koha item type |
წიგნი |